Les Aigües superficials del Montseny
ISBN:
84-500-2967-8
Descripción Física:
123 p. : gràfics ; 29 cm
Colección:
Estudis i monografies ; 2
MARC
| LEADER | 00000nam a2200000Ia 4500 | ||
|---|---|---|---|
| 001 | 18822 | ||
| 008 | 160829s1978 xx 000 0 cat d | ||
| 020 | |a 84-500-2967-8 | ||
| 080 | |a C-2-496 | ||
| 245 | |a Les Aigües superficials del Montseny | ||
| 260 | |a Barcelona : |b Ketres/SPNMA, |c 1978 | ||
| 300 | |a 123 p. : |b gràfics ; |c 29 cm | ||
| 490 | |a Estudis i monografies ; 2 | ||
| 590 | |a Conté: 1. Paràmetres químics de significació en ecologia aplicada / J. M. González i Cabré ... [et al.]; 2. Indicadores bacteriológicos de la zona periférica / F. Esperanzi y L. Saurí. | ||
| 590 | |a A la part superior de la portada: Unitat d'Ecologia Aplicada del Servei de Parcs Naturals i Medi Ambient de la Diputació Provincial de Barcelona | ||
| 650 | |a Aigüa |x Montseny (Massís) |9 44085 | ||
| 650 | |a Hidrologia |x Montseny (Massís) |9 44086 | ||
| 710 | |a Barcelona (Catalunya : Província). |b Servei de Parcs Naturals |9 53492 | ||
| 710 | 1 | |a Barcelona (Catalunya : Província). |b Servei de Medi Ambient |9 53475 | |
| 901 | |a Arxiu | ||
| 942 | |n 1 | ||
| 952 | |0 0 |1 0 |4 0 |6 C2496 |7 1 |9 51786 |a Arxiu |b Arxiu |d 2016-12-01 |l 0 |o C-2-496 |p 18822 |r 2016-12-01 00:00:00 |w 2016-12-01 |y ARXIU | ||
| 999 | |c 55632 |d 55632 | ||